A workbook for a course in Rizal / (Record no. 17827)
[ view plain ]
| 000 -LEADER | |
|---|---|
| fixed length control field | 00635nam a22002297a 4500 |
| 003 - CONTROL NUMBER IDENTIFIER | |
| control field | OSt |
| 005 - DATE AND TIME OF LATEST TRANSACTION | |
| control field | 20140310182947.0 |
| 008 - FIXED-LENGTH DATA ELEMENTS--GENERAL INFORMATION | |
| fixed length control field | 130205t xxu||||| |||| 00| 0 eng d |
| 020 ## - INTERNATIONAL STANDARD BOOK NUMBER | |
| International Standard Book Number | 9789715846486 |
| 050 ## - LIBRARY OF CONGRESS CALL NUMBER | |
| Classification number | DS 675 |
| Item number | .F146 2008 |
| 082 ## - DEWEY DECIMAL CLASSIFICATION NUMBER | |
| Classification number | FIL 920 |
| Item number | .F12 2008 |
| 245 ## - TITLE STATEMENT | |
| Title | A workbook for a course in Rizal / |
| Statement of responsibility, etc | Fadul, Jose A. |
| 250 ## - EDITION STATEMENT | |
| Edition statement | Second edition, expanded |
| 260 ## - PUBLICATION, DISTRIBUTION, ETC. (IMPRINT) | |
| Place of publication, distribution, etc | Manila : |
| Name of publisher, distributor, etc | De La Salle University Press, |
| Date of publication, distribution, etc | c2002 |
| 300 ## - PHYSICAL DESCRIPTION | |
| Extent | xiii, 122 p. : |
| Dimensions | 22 x 29 cm. |
| Other physical details | ill. ; |
| 521 ## - TARGET AUDIENCE NOTE | |
| Target audience note | |
| 526 ## - STUDY PROGRAM INFORMATION NOTE | |
| Reading level | 1210L-1700L |
| 541 ## - IMMEDIATE SOURCE OF ACQUISITION NOTE | |
| -- | 1 |
| 541 ## - IMMEDIATE SOURCE OF ACQUISITION NOTE | |
| -- | 2 |
| 562 ## - COPY AND VERSION IDENTIFICATION NOTE | |
| Number of copies | 2 |
| 942 ## - ADDED ENTRY ELEMENTS (KOHA) | |
| Source of classification or shelving scheme | Library of Congress Classification |
| Koha item type | Books |
| Call number prefix | Filipininana |
| Withdrawn status | Lost status | Source of classification or shelving scheme | Damaged status | Home library | Current library | Shelving location | Date acquired | Total Checkouts | Full call number | Barcode | Date last seen | Copy number | Price effective from | Koha item type | Total Renewals | Date checked out |
|---|---|---|---|---|---|---|---|---|---|---|---|---|---|---|---|---|
| Library of Congress Classification | College Library | College Library | Filipiniana Section | 02/05/2013 | DS 675 .F146 2008 | c9876 | 05/08/2018 | 1 | 02/05/2013 | Books | ||||||
| Library of Congress Classification | College Library | College Library | Filipiniana Section | 05/16/2013 | 3 | DS 675 .F146 2008 | C11202 | 10/30/2019 | 2 | 05/16/2013 | Books | 10 | 09/11/2019 |